000 00311pab a2200145 454500
008 180718b1986 xxu||||| |||| 00| 0 eng d
100 _aBose, Pradip
245 _aYouth and internatinalism
260 _c1986
300 _a9-11
362 _a20 July
650 _aYouth
773 _aJanata
909 _a21082
999 _c21082
_d21082